Podklady pro tepelný výpočet transformátorových radiátorů

Bibliographic Details
Main Author: Pivrnec, Miroslav (Author)
Format: Article
Language:Czech
PhysicalDescription:Obr. 2. Tb. 1. Grafy 4. Sch. 4., lit. 3 zázn. v češ., nem.
Subjects:

MARC

LEADER 00000nab a2200000 a 4500
001 vtls000230657
003 SK-MaSNL
005 20260302221816.0
008 160201c1985 xo 0 cze
015 |a SNBRB19rr/mm-uuuuu 
035 |a CL0240771 
040 |a SNKBUCL  |b slo  |c SNKBUCL  |e AACR2 
041 0 |a cze 
044 |a xo  |c SK 
080 |a 621.314.2.04-714  |2 1981 
100 1 |a Pivrnec, Miroslav  |4 aut  |9 925276 
245 1 0 |a Podklady pro tepelný výpočet transformátorových radiátorů  |c Miroslav Pivrnec 
300 |b Obr. 2. Tb. 1. Grafy 4. Sch. 4., lit. 3 zázn. v češ., nem. 
650 0 7 |a radiátory transformátorové  |2 snkbucl  |9 949185 
655 7 |a články z novín a časopisov  |2 snkbucl  |9 267496 
773 0 |t Transformátory  |g Č. 62 (1985), s. 55-61 
850 |a Slovenská národná knižnica v Martine  |a MTA001 
852 |a SNK  |b KIS3GCP 
958 |a RK 
958 |a CZ 
992 |a RBX 
999 |c 1513607  |d 1515537